[Event "WICC qual Moscow 25'+10"]
[Site "FIDE.com"]
[Date "2002.04.12"]
[Round "1"]
[White "Jonkman, Harmen"]
[Black "Karjakin, Sergey"]
[Result "1/2-1/2"]
[WhiteElo "2498"]
[BlackElo "2460"]
[PlyCount "96"]
[EventDate "2002.04.12"]
[EventType "swiss"]
[EventRounds "9"]
[EventCountry "NET"]
[SourceTitle "EXT 2003"]
[Source "ChessBase"]
[SourceDate "2002.11.25"]
[SourceVersion "1"]
[SourceVersionDate "2002.11.25"]
[SourceQuality "1"]

1. e4 c5 2. c3 d5 3. exd5 Qd6 4. Bc4 Nf6 5. d4 e6 6. dxe6 Bxe6 7. Bxe6 Qxe6+ 8.
Ne2 Bd6 9. O-O O-O 10. Nf4 Qf5 11. Qd3 Qxd3 12. Nxd3 cxd4 13. cxd4 Nc6 14. Be3
Rfe8 15. Re1 Nb4 16. Nxb4 Bxb4 17. Rd1 Rac8 18. a3 Bd6 19. Nd2 Nd5 20. Rac1
Rxc1 21. Rxc1 f5 22. Nc4 Bc7 23. a4 Kf7 24. g3 Kf6 25. Kg2 g5 26. Bd2 f4 27.
Kf3 h5 28. h3 fxg3 29. fxg3 g4+ 30. hxg4 hxg4+ 31. Kxg4 Rg8+ 32. Kf3 Rxg3+ 33.
Ke2 Ke6 34. Rh1 Bf4 35. Be1 Rg2+ 36. Kd3 b6 37. Rh8 a6 38. Re8+ Kd7 39. Rf8 b5
40. axb5 axb5 41. Ke4 Ke6 42. Re8+ Kd7 43. Rf8 Ke6 44. Re8+ Kd7 45. Rf8 Ke6 46.
Re8+ Kd7 47. Rh8 Ke6 48. Re8+ Kd7 1/2-1/2

[Event "WICC qual Moscow 25'+10"]
[Site "FIDE.com"]
[Date "2002.04.13"]
[Round "2"]
[White "Karjakin, Sergey"]
[Black "Touzane, Olivier"]
[Result "1-0"]
[WhiteElo "2460"]
[BlackElo "2376"]
[PlyCount "155"]
[EventDate "2002.04.12"]
[EventType "swiss"]
[EventRounds "9"]
[EventCountry "NET"]
[SourceTitle "EXT 2003"]
[Source "ChessBase"]
[SourceDate "2002.11.25"]
[SourceVersion "1"]
[SourceVersionDate "2002.11.25"]
[SourceQuality "1"]

1. e4 e5 2. Nf3 Nf6 3. Nxe5 d6 4. Nf3 Nxe4 5. d4 d5 6. Bd3 Nc6 7. O-O Be7 8. c4
Nf6 9. Nc3 O-O 10. cxd5 Nxd5 11. Re1 Be6 12. a3 Bf6 13. Be4 h6 14. Bc2 Nde7 15.
Be3 Nf5 16. Bxf5 Bxf5 17. d5 Ne5 18. Nxe5 Bxe5 19. Bd4 Bd6 20. Nb5 Qg5 21. Bxa7
Rfe8 22. Be3 Qg6 23. Rc1 Re5 24. g3 Be4 25. Bd4 Re7 26. Nxd6 cxd6 27. f3 Bc2
28. Qd2 Rxe1+ 29. Rxe1 Bb3 30. Bc3 Rc8 31. Re7 Qb1+ 32. Kg2 Bc4 33. Re1 Qf5 34.
Re4 h5 35. Rd4 Rc5 36. g4 hxg4 37. Rxg4 f6 38. Qe1 Kf7 39. Qe4 Bd3 40. Qxf5
Bxf5 41. Rd4 Ke7 42. Kg3 g5 43. h4 gxh4+ 44. Rxh4 Bc2 45. Rh6 Rxd5 46. Bxf6+
Kd7 47. Kf2 Kc6 48. Ke3 Rf5 49. f4 Kd7 50. Bc3 Rd5 51. Bd4 Bf5 52. Rh5 Ke6 53.
Rg5 Rb5 54. b4 Rd5 55. a4 Bc2 56. a5 Bf5 57. Rg7 Rb5 58. Bc3 Rd5 59. Be1 Rd3+
60. Ke2 Rd5 61. Rxb7 Bd3+ 62. Kf3 Bc4 63. Bh4 Rb5 64. Rxb5 Bxb5 65. Kg4 Bd3 66.
Kg5 d5 67. Bf2 Kd6 68. f5 Ke7 69. Bc5+ Kf7 70. Kf4 Bb5 71. Ke5 Bc6 72. Kd6 Bb5
73. Bd4 Bc4 74. Kc6 Bd3 75. f6 Ke6 76. b5 Bc4 77. a6 Be2 78. a7 1-0

[Event "WICC qual Moscow 25'+10"]
[Site "FIDE.com"]
[Date "2002.04.14"]
[Round "3"]
[White "Guadalpi, David"]
[Black "Karjakin, Sergey"]
[Result "1/2-1/2"]
[WhiteElo "2315"]
[BlackElo "2460"]
[PlyCount "131"]
[EventDate "2002.04.12"]
[EventType "swiss"]
[EventRounds "9"]
[EventCountry "NET"]
[SourceTitle "EXT 2003"]
[Source "ChessBase"]
[SourceDate "2002.11.25"]
[SourceVersion "1"]
[SourceVersionDate "2002.11.25"]
[SourceQuality "1"]

1. e4 c5 2. Nf3 d6 3. Bb5+ Bd7 4. Bxd7+ Qxd7 5. c4 Nf6 6. Nc3 Nc6 7. O-O Nd4 8.
d3 Nxf3+ 9. Qxf3 g6 10. Bg5 Bg7 11. Rab1 h6 12. Bh4 O-O 13. b4 b6 14. b5 Qg4
15. Qxg4 Nxg4 16. Nd5 e6 17. Ne3 Nxe3 18. fxe3 Rfe8 19. Kf2 a6 20. Kf3 Be5 21.
Bg3 Bxg3 22. Kxg3 d5 23. Rf2 axb5 24. Rxb5 Ra3 25. Rb3 Rxb3 26. axb3 dxe4 27.
dxe4 Rd8 28. Kf4 Rd1 29. Rb2 g5+ 30. Kf3 f6 31. e5 f5 32. Ra2 Rd3 33. Ra8+ Kf7
34. Ra7+ Kg6 35. Re7 f4 36. Rxe6+ Kf5 37. Rxb6 Rxe3+ 38. Kf2 h5 39. b4 cxb4 40.
e6 Rxe6 41. Rxb4 Re5 42. Rb5 g4 43. h4 Ke4 44. Ke2 Re8 45. Rxh5 Ra8 46. Rh7
Ra2+ 47. Kf1 g3 48. Re7+ Kf5 49. Re2 Ra4 50. Rc2 Ra1+ 51. Ke2 Rg1 52. Kd3 Kg4
53. c5 Rxg2 54. c6 Rxc2 55. Kxc2 g2 56. c7 g1=Q 57. c8=Q+ Kf3 58. Qb7+ Kg3 59.
Qg7+ Kh2 60. Qxg1+ Kxg1 61. h5 f3 62. h6 f2 63. h7 f1=Q 64. h8=Q Qc4+ 65. Qc3
Qxc3+ 66. Kxc3 1/2-1/2

[Event "WICC qual Moscow 25'+10"]
[Site "FIDE.com"]
[Date "2002.04.15"]
[Round "4"]
[White "Karjakin, Sergey"]
[Black "Matros, Alexander"]
[Result "1-0"]
[WhiteElo "2460"]
[BlackElo "2455"]
[PlyCount "101"]
[EventDate "2002.04.12"]
[EventType "swiss"]
[EventRounds "9"]
[EventCountry "NET"]
[SourceTitle "EXT 2003"]
[Source "ChessBase"]
[SourceDate "2002.11.25"]
[SourceVersion "1"]
[SourceVersionDate "2002.11.25"]
[SourceQuality "1"]

1. e4 e5 2. Nf3 Nc6 3. Bb5 Nf6 4. O-O Nxe4 5. d4 Nd6 6. Bxc6 dxc6 7. dxe5 Nf5
8. Qxd8+ Kxd8 9. Nc3 Bd7 10. Rd1 Kc8 11. Ng5 Be8 12. b3 b6 13. Bb2 Be7 14. Nge4
h5 15. Rd3 Bd7 16. Rad1 Be6 17. Ne2 a5 18. a4 Kb7 19. Nf4 Rad8 20. Rxd8 Rxd8
21. Rxd8 Bxd8 22. Nxh5 c5 23. h3 c4 24. g4 Nh4 25. Nxg7 Bd5 26. Nc3 Nf3+ 27.
Kf1 Bc6 28. e6 Bf6 29. Nh5 Bxc3 30. Bxc3 fxe6 31. Nf6 Ng5 32. h4 Ne4 33. h5
Nxf6 34. Bxf6 Be4 35. h6 Bxc2 36. f4 Bg6 37. bxc4 Kc6 38. Bd4 Kd7 39. Kf2 Ke7
40. Ke3 Kf7 41. Be5 c6 42. Kd2 Bh7 43. Bc7 Kg6 44. g5 Bg8 45. Kc3 Kf5 46. c5
bxc5 47. Bxa5 e5 48. Bc7 exf4 49. a5 f3 50. Bg3 Kxg5 51. a6 1-0

[Event "WICC qual Moscow 25'+10"]
[Site "FIDE.com"]
[Date "2002.04.17"]
[Round "5"]
[White "Milov, Vadim"]
[Black "Karjakin, Sergey"]
[Result "1/2-1/2"]
[WhiteElo "2595"]
[BlackElo "2460"]
[PlyCount "86"]
[EventDate "2002.04.12"]
[EventType "swiss"]
[EventRounds "9"]
[EventCountry "NET"]
[SourceTitle "EXT 2003"]
[Source "ChessBase"]
[SourceDate "2002.11.25"]
[SourceVersion "1"]
[SourceVersionDate "2002.11.25"]
[SourceQuality "1"]

1. d4 d5 2. c4 dxc4 3. e3 Nf6 4. Bxc4 e6 5. Nf3 a6 6. a4 c5 7. O-O Nc6 8. Qe2
cxd4 9. Rd1 Be7 10. exd4 O-O 11. Nc3 Nb4 12. Bg5 Re8 13. Ne5 Nfd5 14. Bxe7 Rxe7
15. a5 Bd7 16. Nxd5 Nxd5 17. Rdc1 Bc6 18. Nxc6 bxc6 19. Ra4 Rb7 20. b3 Qg5 21.
Raa1 Nb4 22. Qe3 Qf6 23. Be2 Rd8 24. Rc4 Rb5 25. h3 g6 26. Ra4 Rdb8 27. Qd2 Qe7
28. Rc1 Rd5 29. Bf3 Rdd8 30. Qe3 Qd7 31. Rc4 Nd5 32. Qd3 Rb5 33. Qc2 Rdb8 34.
Ra3 Qd6 35. Qc1 Ne7 36. Qb2 Rb4 37. Be2 Nf5 38. Rxb4 Qxb4 39. Bxa6 Ra8 40. Bd3
Rxa5 41. Rxa5 Qxa5 42. Bxf5 Qxf5 43. Qc3 Qd5 1/2-1/2

[Event "WICC qual Moscow 25'+10"]
[Site "FIDE.com"]
[Date "2002.04.20"]
[Round "8"]
[White "Rossello Padron, Carlos Eduardo"]
[Black "Karjakin, Sergey"]
[Result "0-1"]
[WhiteElo "2085"]
[BlackElo "2460"]
[PlyCount "94"]
[EventDate "2002.04.12"]
[EventType "swiss"]
[EventRounds "9"]
[EventCountry "NET"]
[SourceTitle "EXT 2003"]
[Source "ChessBase"]
[SourceDate "2002.11.25"]
[SourceVersion "1"]
[SourceVersionDate "2002.11.25"]
[SourceQuality "1"]

1. b3 e5 2. Bb2 Nc6 3. e3 Nf6 4. Bb5 Bd6 5. Na3 Na5 6. Nc4 Nxc4 7. Bxc4 O-O 8.
Ne2 c6 9. d4 e4 10. Ng3 Bc7 11. d5 Ba5+ 12. Kf1 b5 13. Be2 cxd5 14. Nh5 Nxh5
15. Qxd5 Ba6 16. Bxh5 Rc8 17. Qxe4 Bc3 18. Bxc3 Rxc3 19. Be2 Qf6 20. Qd4 Qxd4
21. exd4 Rxc2 22. a4 Re8 23. Bxb5 Bxb5+ 24. axb5 h5 25. g3 Ree2 26. Rxa7 Rxf2+
27. Ke1 Rfe2+ 28. Kd1 Red2+ 29. Ke1 Rxd4 30. Ra8+ Kh7 31. Rf1 Rxh2 32. Rxf7 Rd3
33. Rf2 Rh1+ 34. Ke2 Rxg3 35. Ra3 Rhh3 36. Rf5 Kg6 37. Rd5 Rxb3 38. Ra6+ Kh7
39. Kd1 Rhd3+ 40. Rxd3 Rxd3+ 41. Ke2 Rb3 42. Rd6 Rxb5 43. Rxd7 Rf5 44. Ke3 Kh6
45. Ke4 g6 46. Rd1 h4 47. Rh1 Kh5 0-1

[Event "WICC qual Moscow 25'+10"]
[Site "FIDE.com"]
[Date "2002.04.22"]
[Round "9"]
[White "Karjakin, Sergey"]
[Black "Shaposhnikov, Evgeny"]
[Result "1-0"]
[WhiteElo "2460"]
[BlackElo "2523"]
[PlyCount "95"]
[EventDate "2002.04.12"]
[EventType "swiss"]
[EventRounds "9"]
[EventCountry "NET"]
[SourceTitle "EXT 2003"]
[Source "ChessBase"]
[SourceDate "2002.11.25"]
[SourceVersion "1"]
[SourceVersionDate "2002.11.25"]
[SourceQuality "1"]

1. e4 e6 2. d4 d5 3. Nc3 Bb4 4. e5 Ne7 5. a3 Bxc3+ 6. bxc3 b6 7. Qg4 Ng6 8. h4
h5 9. Qd1 Ba6 10. Bxa6 Nxa6 11. Bg5 Qd7 12. Ne2 Nb8 13. Ng3 Qc6 14. Kd2 Qa4 15.
Nxh5 Rh7 16. Ng3 c5 17. h5 Nf8 18. Ke1 Nc6 19. Rh4 Nd7 20. Qd3 Rh8 21. Kf1 Na5
22. Kg1 Rc8 23. Re1 Rc6 24. h6 g6 25. dxc5 Qxa3 26. cxb6 Nc4 27. bxa7 Qxa7 28.
Qd4 Qc7 29. f4 Ra6 30. Nf1 Rh7 31. Rh3 Ndb6 32. Nh2 Ra2 33. Ng4 Nd7 34. Rb1
Rxc2 35. Qd1 Ra2 36. Qb3 Ra8 37. Qb7 Qc5+ 38. Kh2 Rc8 39. Rb5 Qc7 40. Qxc7 Rxc7
41. Rb8+ Nxb8 42. Nf6+ Kf8 43. Nxh7+ Kg8 44. Nf8 f6 45. Nxe6 Rh7 46. Bxf6 Nd7
47. Bg7 Nd2 48. Ng5 1-0

[Event "Alushta 100 anniv"]
[Site "Alushta"]
[Date "2002.04.19"]
[Round "?"]
[White "Karjakin, Sergey"]
[Black "Ovsejevitsch, Sergei"]
[Result "1/2-1/2"]
[WhiteElo "2489"]
[BlackElo "2529"]
[PlyCount "60"]
[EventDate "2002.04.19"]
[EventType "tourn"]
[EventRounds "13"]
[EventCountry "UKR"]
[EventCategory "8"]
[SourceTitle "CBM 088 Extra"]
[Source "ChessBase"]
[SourceDate "2002.07.01"]
[SourceVersion "2"]
[SourceVersionDate "2002.07.01"]
[SourceQuality "1"]

1. e4 e5 2. Nf3 Nc6 3. d4 exd4 4. Nxd4 Nf6 5. Nxc6 bxc6 6. e5 Qe7 7. Qe2 Nd5 8.
c4 Ba6 9. b3 f6 10. Bb2 fxe5 11. Qh5+ g6 12. Qxe5 Nf6 13. Be2 Qxe5 14. Bxe5 Bg7
15. O-O O-O 16. Bf3 Rae8 17. Bc3 Ne4 18. Bxg7 Kxg7 19. Rd1 d6 20. Bxe4 Rxe4 21.
Nc3 Re5 22. f3 Bc8 23. Re1 Rfe8 24. Rxe5 Rxe5 25. Kf2 h6 26. Rd1 g5 27. Rd2 a6
28. g4 Bb7 29. Nd1 c5 30. Ne3 Kg6 1/2-1/2

[Event "Alushta 100 anniv"]
[Site "Alushta"]
[Date "2002.04.19"]
[Round "?"]
[White "Kozlov, Viktor Mihail"]
[Black "Karjakin, Sergey"]
[Result "0-1"]
[WhiteElo "2325"]
[BlackElo "2489"]
[PlyCount "46"]
[EventDate "2002.04.19"]
[EventType "tourn"]
[EventRounds "13"]
[EventCountry "UKR"]
[EventCategory "8"]
[SourceTitle "CBM 088 Extra"]
[Source "ChessBase"]
[SourceDate "2002.07.01"]
[SourceVersion "2"]
[SourceVersionDate "2002.07.01"]
[SourceQuality "1"]

1. e4 c5 2. Nf3 d6 3. c3 Nf6 4. e5 dxe5 5. Nxe5 Nbd7 6. Nc4 e6 7. d4 cxd4 8.
cxd4 b6 9. Be2 Bb7 10. O-O Be7 11. Nc3 O-O 12. Bf4 Ne4 13. Rc1 Ndf6 14. Be5 Rc8
15. Nxe4 Bxe4 16. Qa4 Bc6 17. Qb3 b5 18. Ne3 Qb6 19. Rfd1 Rfd8 20. Rxc6 Qxc6
21. Bxb5 Qb7 22. Qa4 a5 23. Nc4 Rd5 0-1

[Event "Alushta 100 anniv"]
[Site "Alushta"]
[Date "2002.04.19"]
[Round "?"]
[White "Shtyrenkov, Veniamen"]
[Black "Karjakin, Sergey"]
[Result "0-1"]
[WhiteElo "2474"]
[BlackElo "2489"]
[PlyCount "72"]
[EventDate "2002.04.19"]
[EventType "tourn"]
[EventRounds "13"]
[EventCountry "UKR"]
[EventCategory "8"]
[SourceTitle "CBM 088 Extra"]
[Source "ChessBase"]
[SourceDate "2002.07.01"]
[SourceVersion "2"]
[SourceVersionDate "2002.07.01"]
[SourceQuality "1"]

1. c4 e5 2. g3 Nc6 3. Bg2 g6 4. Nc3 Bg7 5. Rb1 a5 6. a3 d6 7. b4 axb4 8. axb4
f5 9. b5 Nce7 10. d3 Nf6 11. e3 O-O 12. Nge2 c6 13. Qb3 Be6 14. Ba3 g5 15. O-O
Kh8 16. Ra1 Ng4 17. h3 f4 18. Ne4 f3 19. Bxf3 Rxf3 20. Nxg5 Rf6 21. Nxe6 Rxe6
22. hxg4 Qe8 23. Kg2 Qg6 24. f3 Rf8 25. e4 Ref6 26. Bc1 Bh6 27. Qb2 Bxc1 28.
Qxc1 cxb5 29. cxb5 d5 30. Ra7 Qf7 31. Rxb7 Rxf3 32. Rxe7 Rf2+ 33. Rxf2 Qxf2+
34. Kh3 Qxe2 35. Qh6 Qf1+ 36. Kh4 Qh1+ 0-1

[Event "Alushta 100 anniv"]
[Site "Alushta"]
[Date "2002.04.19"]
[Round "?"]
[White "Varavin, Viktor"]
[Black "Karjakin, Sergey"]
[Result "0-1"]
[WhiteElo "2476"]
[BlackElo "2489"]
[PlyCount "32"]
[EventDate "2002.04.19"]
[EventType "tourn"]
[EventRounds "13"]
[EventCountry "UKR"]
[EventCategory "8"]
[SourceTitle "CBM 088 Extra"]
[Source "ChessBase"]
[SourceDate "2002.07.01"]
[SourceVersion "2"]
[SourceVersionDate "2002.07.01"]
[SourceQuality "1"]

1. e4 c5 2. Nf3 d6 3. d4 cxd4 4. Nxd4 Nf6 5. Nc3 a6 6. Bc4 e6 7. Bb3 b5 8. Bg5
Be7 9. Qf3 Qc7 10. O-O-O O-O 11. e5 dxe5 12. Bxf6 Bxf6 13. Nxe6 fxe6 14. Qxa8
b4 15. Ne4 Be7 16. Ba4 Qb6 0-1

[Event "Alushta 100 anniv"]
[Site "Alushta"]
[Date "2002.04.19"]
[Round "?"]
[White "Vozovic, Oksana"]
[Black "Karjakin, Sergey"]
[Result "1/2-1/2"]
[WhiteElo "2297"]
[BlackElo "2489"]
[PlyCount "88"]
[EventDate "2002.04.19"]
[EventType "tourn"]
[EventRounds "13"]
[EventCountry "UKR"]
[EventCategory "8"]
[SourceTitle "CBM 088 Extra"]
[Source "ChessBase"]
[SourceDate "2002.07.01"]
[SourceVersion "2"]
[SourceVersionDate "2002.07.01"]
[SourceQuality "1"]

1. e4 c5 2. Nf3 d6 3. Bb5+ Nd7 4. O-O Ngf6 5. e5 dxe5 6. Nxe5 a6 7. Nxd7 Nxd7
8. Be2 e6 9. d4 Be7 10. dxc5 Bxc5 11. Nc3 O-O 12. Bd3 b6 13. Qg4 g6 14. Bh6 Re8
15. Rad1 Bb7 16. Be4 Bxe4 17. Qxe4 Qc7 18. Rd3 Rad8 19. Bg5 f6 20. Bf4 Qc8 21.
Rfd1 Bf8 22. Qe3 e5 23. Bh6 Bxh6 24. Qxh6 Nc5 25. Rd5 Rxd5 26. Nxd5 Qc6 27. h4
Nd7 28. Nb4 Qc8 29. Nxa6 Nf8 30. Nb4 Qg4 31. Qd2 Qxh4 32. Qd5+ Kg7 33. Qb7+ Kg8
34. Qxb6 f5 35. Qb5 Re6 36. Qb8 e4 37. Nd5 g5 38. Qd8 Rh6 39. Nf6+ Kg7 40. Qe7+
Kg6 41. Qe8+ Kg7 42. Qe7+ Kg6 43. Qe8+ Kg7 44. Qe7+ Kg6 1/2-1/2

[Event "WICC qual Moscow f 25'+10"]
[Site "FIDE.com"]
[Date "2002.05.30"]
[Round "1"]
[White "Novik, Maxim"]
[Black "Karjakin, Sergey"]
[Result "1/2-1/2"]
[WhiteElo "2466"]
[BlackElo "2489"]
[PlyCount "47"]
[EventDate "2002.04.30"]
[EventType "tourn"]
[EventRounds "6"]
[EventCountry "NET"]
[EventCategory "11"]
[SourceTitle "EXT 2003"]
[Source "ChessBase"]
[SourceDate "2002.11.25"]
[SourceVersion "1"]
[SourceVersionDate "2002.11.25"]
[SourceQuality "1"]

1. d4 d5 2. c4 dxc4 3. e3 Nf6 4. Bxc4 e6 5. Nf3 a6 6. O-O c5 7. a4 cxd4 8. exd4
Nc6 9. Nc3 Be7 10. Bg5 O-O 11. Qd2 Nd5 12. Nxd5 exd5 13. Bxe7 Nxe7 14. Bd3 Bf5
15. Rfe1 Bxd3 16. Qxd3 Nc6 17. Qb3 Rb8 18. Rac1 Qd6 19. Qb6 f6 20. Re3 Qd7 21.
g3 Rfe8 22. Rce1 Rxe3 23. Rxe3 Qd8 24. Qb3 1/2-1/2

[Event "WICC qual Moscow f 25'+10"]
[Site "FIDE.com"]
[Date "2002.05.30"]
[Round "2"]
[White "Karjakin, Sergey"]
[Black "Shipov, Sergei"]
[Result "1/2-1/2"]
[WhiteElo "2489"]
[BlackElo "2613"]
[PlyCount "69"]
[EventDate "2002.04.30"]
[EventType "tourn"]
[EventRounds "6"]
[EventCountry "NET"]
[EventCategory "11"]
[SourceTitle "EXT 2003"]
[Source "ChessBase"]
[SourceDate "2002.11.25"]
[SourceVersion "1"]
[SourceVersionDate "2002.11.25"]
[SourceQuality "1"]

1. e4 c5 2. Nf3 d6 3. d4 cxd4 4. Nxd4 Nf6 5. Nc3 a6 6. Be2 e6 7. O-O Be7 8. a4
Qc7 9. f4 O-O 10. Kh1 Nc6 11. Be3 Re8 12. Bf3 Bf8 13. Qd2 Na5 14. b3 Nc6 15.
Nde2 b6 16. Qe1 Bb7 17. Qf2 Nd7 18. Rac1 Nc5 19. g4 Rad8 20. g5 d5 21. exd5
exd5 22. Nxd5 Rxd5 23. Bxd5 Nb4 24. Bf3 Ne4 25. Qg2 Nd5 26. Bd4 Ba3 27. Rcd1
Bc5 28. Bxc5 bxc5 29. Rd3 Nb4 30. Rdd1 Nxc2 31. Rd3 Nb4 32. Re3 Nc2 33. Rd3 Nb4
34. Rdd1 Nc2 35. Rd3 1/2-1/2

[Event "WICC qual Moscow f 25'+10"]
[Site "FIDE.com"]
[Date "2002.05.30"]
[Round "3"]
[White "Vlassov, Nikolai"]
[Black "Karjakin, Sergey"]
[Result "1-0"]
[WhiteElo "2462"]
[BlackElo "2489"]
[PlyCount "99"]
[EventDate "2002.04.30"]
[EventType "tourn"]
[EventRounds "6"]
[EventCountry "NET"]
[EventCategory "11"]
[SourceTitle "EXT 2003"]
[Source "ChessBase"]
[SourceDate "2002.11.25"]
[SourceVersion "1"]
[SourceVersionDate "2002.11.25"]
[SourceQuality "1"]

1. e4 c5 2. c3 d5 3. exd5 Qxd5 4. d4 Nf6 5. Nf3 Bg4 6. dxc5 Qxc5 7. h3 Bh5 8.
Be3 Qc7 9. Na3 a6 10. Qa4+ Nbd7 11. Bf4 Qc8 12. Ne5 b5 13. Qa5 e6 14. g4 Bg6
15. Nxd7 Nxd7 16. Bg2 e5 17. Nxb5 axb5 18. Bxa8 exf4 19. O-O-O Be7 20. Rhe1 Nc5
21. Qxb5+ Kf8 22. Bc6 Nd3+ 23. Rxd3 Bxd3 24. Qe5 Qd8 25. Rd1 Qc8 26. Rxd3 Qxc6
27. Qb8+ Qe8 28. Qxf4 h6 29. Kc2 g6 30. Qd4 f6 31. a4 Kg7 32. a5 Qa8 33. Re3
Re8 34. b4 Kf8 35. Qe4 Qxe4+ 36. Rxe4 Ra8 37. Kb3 Ke8 38. Rd4 Rd8 39. Rxd8+
Kxd8 40. Kc4 f5 41. gxf5 gxf5 42. b5 Kc7 43. Kd5 Bh4 44. b6+ Kb7 45. c4 Bxf2
46. c5 f4 47. c6+ Kc8 48. Kd6 f3 49. b7+ Kb8 50. c7+ 1-0

[Event "WICC qual Moscow f 25'+10"]
[Site "FIDE.com"]
[Date "2002.05.31"]
[Round "4"]
[White "Karjakin, Sergey"]
[Black "Novik, Maxim"]
[Result "1-0"]
[WhiteElo "2489"]
[BlackElo "2466"]
[PlyCount "135"]
[EventDate "2002.04.30"]
[EventType "tourn"]
[EventRounds "6"]
[EventCountry "NET"]
[EventCategory "11"]
[SourceTitle "EXT 2003"]
[Source "ChessBase"]
[SourceDate "2002.11.25"]
[SourceVersion "1"]
[SourceVersionDate "2002.11.25"]
[SourceQuality "1"]

1. e4 c6 2. d4 d5 3. Nc3 dxe4 4. Nxe4 Bf5 5. Ng3 Bg6 6. h4 h6 7. Nf3 Nd7 8. h5
Bh7 9. Bd3 Bxd3 10. Qxd3 e6 11. Bf4 Bb4+ 12. c3 Be7 13. O-O-O Ngf6 14. Ne5 Qa5
15. Kb1 O-O 16. Nxd7 Nxd7 17. Ne4 Qf5 18. Bc1 Rad8 19. f3 e5 20. g4 Qh7 21. d5
Nc5 22. Nxc5 Bxc5 23. Qxh7+ Kxh7 24. dxc6 bxc6 25. Rxd8 Rxd8 26. Kc2 Kg8 27.
Re1 f6 28. Re4 Bb6 29. f4 exf4 30. Bxf4 f5 31. gxf5 Rf8 32. Bd6 Rxf5 33. Re5
Rxe5 34. Bxe5 Kf7 35. Kd3 g6 36. hxg6+ Kxg6 37. Ke4 h5 38. Bf4 Kf6 39. c4 h4
40. b4 h3 41. c5 Bd8 42. b5 Ba5 43. bxc6 Ke7 44. Kf3 Kd8 45. Kg3 Bc7 46. Bd6
Ba5 47. Kxh3 Kc8 48. Kg4 Bb4 49. Kf5 Bxc5 50. Be5 a6 51. Ke6 Bb4 52. Kd5 Be1
53. Kc5 Bf2+ 54. Bd4 Be1 55. Kb6 a5 56. a4 Bd2 57. Kb5 Kc7 58. Bb6+ Kc8 59.
Bxa5 Be3 60. Bb6 Bf4 61. Kc4 Bd2 62. Kd5 Be1 63. a5 Bg3 64. a6 Kb8 65. Ke6 Ka8
66. Kd7 Bf4 67. Bc5 Bc7 68. Be7 1-0

[Event "WICC qual Moscow f 25'+10"]
[Site "FIDE.com"]
[Date "2002.05.31"]
[Round "5"]
[White "Shipov, Sergei"]
[Black "Karjakin, Sergey"]
[Result "1/2-1/2"]
[WhiteElo "2613"]
[BlackElo "2489"]
[PlyCount "178"]
[EventDate "2002.04.30"]
[EventType "tourn"]
[EventRounds "6"]
[EventCountry "NET"]
[EventCategory "11"]
[SourceTitle "EXT 2003"]
[Source "ChessBase"]
[SourceDate "2002.11.25"]
[SourceVersion "1"]
[SourceVersionDate "2002.11.25"]
[SourceQuality "1"]

1. d4 d5 2. Nf3 Nf6 3. g3 g6 4. Bg2 Bg7 5. c4 dxc4 6. Na3 c3 7. bxc3 O-O 8. O-O
c5 9. e3 Nc6 10. Bb2 Bf5 11. Qe2 e5 12. Nc4 e4 13. Nfe5 Nxe5 14. Nxe5 h5 15. a4
Rc8 16. a5 Re8 17. h3 Nd7 18. Nc4 Qc7 19. Rfc1 Be6 20. Nd2 f5 21. h4 b5 22.
axb6 axb6 23. Qb5 Ra8 24. Bf1 Kh7 25. Bc4 Bxc4 26. Nxc4 Rxa1 27. Rxa1 cxd4 28.
cxd4 Rc8 29. Ne5 Nxe5 30. dxe5 Qc6 31. Qb3 Re8 32. Ra7 Qe6 33. Qb5 Re7 34. Ra6
Rb7 35. Bd4 Kh6 36. Ra8 Rc7 37. Rd8 Qa2 38. Qb2 Qxb2 39. Bxb2 Re7 40. Rd5 Kh7
41. Bd4 g5 42. hxg5 Kg6 43. Rd6+ Kxg5 44. e6 b5 45. Bc5 Bf6 46. Rb6 Re8 47. e7
Bg7 48. Kg2 Bf6 49. Bd6 Rxe7 50. Bxe7 Bxe7 51. Rxb5 Bf6 52. Rd5 Kg6 53. Rd6 Kg5
54. Kf1 Kg6 55. Ke2 Kf7 56. Rc6 h4 57. g4 fxg4 58. Rc4 Kg6 59. Rxe4 Kf5 60.
Rf4+ Kg5 61. Kf1 Be5 62. Rf8 h3 63. Kg1 Bd6 64. Rg8+ Kf5 65. Rh8 Kg5 66. f3 h2+
67. Kg2 gxf3+ 68. Kxf3 Kf6 69. Kg4 Kg7 70. Rh5 Kf6 71. Rh3 Kg6 72. Rh4 Be5 73.
Rh5 Bd6 74. Rh3 Be5 75. Kf3 Kf5 76. Rh7 Kg6 77. Rh3 Kf5 78. Rh5+ Kg6 79. Kg4
Bd6 80. e4 Be5 81. Rg5+ Kf6 82. Rf5+ Ke6 83. Rf1 Bc7 84. Kf3 Bd6 85. Rb1 Bc5
86. Kg2 Bd6 87. Rb5 Be5 88. Rb6+ Bd6 89. Rxd6+ Kxd6 1/2-1/2

[Event "WICC qual Moscow f 25'+10"]
[Site "FIDE.com"]
[Date "2002.05.31"]
[Round "6"]
[White "Karjakin, Sergey"]
[Black "Vlassov, Nikolai"]
[Result "1-0"]
[WhiteElo "2489"]
[BlackElo "2462"]
[PlyCount "77"]
[EventDate "2002.04.30"]
[EventType "tourn"]
[EventRounds "6"]
[EventCountry "NET"]
[EventCategory "11"]
[SourceTitle "EXT 2003"]
[Source "ChessBase"]
[SourceDate "2002.11.25"]
[SourceVersion "1"]
[SourceVersionDate "2002.11.25"]
[SourceQuality "1"]

1. e4 d5 2. exd5 Nf6 3. d4 Bg4 4. f3 Bf5 5. Bb5+ Nbd7 6. c4 e6 7. dxe6 Bxe6 8.
d5 Bf5 9. Be3 Bb4+ 10. Bd2 Qe7+ 11. Qe2 O-O-O 12. Qxe7 Bxe7 13. Bxd7+ Nxd7 14.
Nc3 Rhe8 15. Nge2 Ne5 16. b3 Ba3 17. O-O Bd3 18. Rae1 Bb4 19. Kh1 c6 20. a3
Bxa3 21. Ra1 Bc5 22. Rfe1 cxd5 23. cxd5 Kb8 24. Bf4 f6 25. Ng3 Bb4 26. Rec1 g5
27. Be3 Ba6 28. Nce4 Nd3 29. Rc2 Re5 30. Bd4 Rexd5 31. Bxf6 Rg8 32. h3 Nc5 33.
Nxc5 Bxc5 34. Ne4 Be3 35. Re1 Bf4 36. g3 Bc7 37. Rec1 Bb6 38. Bxg5 Bd3 39. Bf4+
1-0

[Event "UKR Summer Youth Games"]
[Site "Evpatoria"]
[Date "2002.05.13"]
[Round "1"]
[White "Karjakin, Sergey"]
[Black "Truskavetsky, Alexandr"]
[Result "1-0"]
[WhiteElo "2460"]
[BlackElo "2284"]
[PlyCount "79"]
[EventDate "2002.05.13"]
[EventType "swiss"]
[EventRounds "9"]
[EventCountry "UKR"]
[SourceTitle "EXT 2003"]
[Source "ChessBase"]
[SourceDate "2002.11.25"]
[SourceVersion "1"]
[SourceVersionDate "2002.11.25"]
[SourceQuality "1"]

1. e4 c5 2. Nf3 d6 3. d4 cxd4 4. Nxd4 Nf6 5. Nc3 e6 6. Be2 a6 7. O-O Be7 8. a4
Nc6 9. Be3 Qc7 10. f4 O-O 11. Kh1 Re8 12. Bg1 Bd7 13. Qd3 e5 14. fxe5 Nxe5 15.
Qg3 Rac8 16. Nf5 Bxf5 17. Rxf5 Qc6 18. Bd3 Nfd7 19. Nd5 Bf8 20. Bd4 Re6 21. a5
g6 22. Rf2 Nxd3 23. cxd3 Bg7 24. Bxg7 Kxg7 25. Raf1 Rf8 26. h3 Qc5 27. b4 Qd4
28. Rc2 Ne5 29. Nf4 Re7 30. Nh5+ Kh8 31. Qh4 Re6 32. Nf6 h5 33. Qg5 Kg7 34.
Nxh5+ Kh7 35. Nf4 Ree8 36. Rc7 Qe3 37. d4 Qxd4 38. Nxg6 Qd3 39. Nxf8+ Rxf8 40.
Rf6 1-0